Normal view MARC view
  • Tallia, Alfred F.

Entry Personal Name

Number of records used in: 1

001 - CONTROL NUMBER

  • control field: 1289

003 - CONTROL NUMBER IDENTIFIER

  • control field: DLC

005 - DATE AND TIME OF LATEST TRANSACTION

  • control field: 20231206141840.0

008 - FIXED-LENGTH DATA ELEMENTS

  • fixed length control field: 000504n| azannaabn |n aaa

010 ## - LIBRARY OF CONGRESS CONTROL NUMBER

  • LC control number: n 00121166

035 ## - SYSTEM CONTROL NUMBER

  • System control number: (DNLM)1119439

035 ## - SYSTEM CONTROL NUMBER

  • System control number: (OCoLC)oca05214128

040 ## - CATALOGING SOURCE

  • Original cataloging agency: DNLM
  • Language of cataloging: eng
  • Description conventions: rda
  • Transcribing agency: DNLM
  • Modifying agency: DNLM

100 1# - HEADING--PERSONAL NAME

  • Personal name: Tallia, Alfred F.

670 ## - SOURCE DATA FOUND

  • Source citation: Swanson's family practice review, c2001:
  • Information found: CIP t.p. (Alfred F. Tallia, M.D., M.P.H., F.A.A.F.P.; assoc. prof. and vice chairman, Dept. of Family Med., Univ. of Med. and Dentistry of New Jersey--Robert Wood Johnson Medical Sch., New Brunswick, N.J.)